000 00430nab a22001457 4500
003 ES-SlBCS
005 20210327224246.0
008 191118s2019 sp ||||| |||| 00| 0 spa d
040 _aES-SlBCS
_bspa
041 _aspa
100 1 _aKessler, Gwynn
_9116807
245 1 1 _a"Queerizar" la teología judía en las parábolas
_cGwynn Kessler
773 0 _gNúm. 383, 2019, págs. 51-62
_tConcilium
_wRev134
_x0210-1041
942 _2lcc
_cAR
999 _c482307
_d482307